000 00421nam a2200181Ia 4500
005 20240823031043.0
008 240823s9999||||xx |||||||||||||| ||und||
041 _aENGLISH
082 _A515 P5
100 _aJoseph A Mangaladoss
245 0 _aCALCULUS
250 _a1st
260 _c2005
_b"Presi-Persi,Tirune"
_aTirunelvali
500 _aYES
650 _aCalculus
_bMathematics
942 _cBK
999 _c190160
_d190160